The Seven days of Kwanzaa / (Record no. 6076)

MARC details
000 -LEADER
fixed length control field 01103nam a22003017a 4500
001 - CONTROL NUMBER
control field 6076
003 - CONTROL NUMBER IDENTIFIER
control field FISKH
005 - DATE AND TIME OF LATEST TRANSACTION
control field 20250307133128.0
008 - FIXED-LENGTH DATA ELEMENTS--GENERAL INFORMATION
fixed length control field 250306b cb ||||| |||| 00| 0 eng d
020 ## - INTERNATIONAL STANDARD BOOK NUMBER
International Standard Book Number 978059046360
040 ## - CATALOGING SOURCE
Original cataloging agency FISKH
Language of cataloging eng
Transcribing agency FISKH
Modifying agency FISKH
050 ## - LIBRARY OF CONGRESS CALL NUMBER
Classification number GT4403 .M33
082 ## - DEWEY DECIMAL CLASSIFICATION NUMBER
Classification number 394.261
100 ## - MAIN ENTRY--PERSONAL NAME
Personal name Medearis, Shelf Angela
Dates associated with a name (1956-)
245 ## - TITLE STATEMENT
Title The Seven days of Kwanzaa /
250 ## - EDITION STATEMENT
Edition statement This edition first published in 1994
260 ## - PUBLICATION, DISTRIBUTION, ETC.
Place of publication, distribution, etc. New York :
Name of publisher, distributor, etc. Scholastic,
Date of publication, distribution, etc. 1994
300 ## - PHYSICAL DESCRIPTION
Extent 111 pages :
Other physical details illustrations ;
Dimensions 20 cm
505 ## - FORMATTED CONTENTS NOTE
Formatted contents note Z<br/>
520 ## - SUMMARY, ETC.
Summary, etc. Every year, for seven days beginning December 26th, African-Americans celebrate their heritage during the Kwanzaa holiday. In this book, you will find recipes for African dishes to make a Kwanzaa feast, and instructions for making masks, African toe puppets, and other Kwanzaa gifts.<br/>
521 8# - TARGET AUDIENCE NOTE
Target audience note 990<br/>
Source Lexile<br/>
521 8# - TARGET AUDIENCE NOTE
Target audience note Z<br/>
Source Raz-Plus<br/>
650 ## - SUBJECT ADDED ENTRY--TOPICAL TERM
Source of heading or term Kwanzaa
Topical term or geographic name entry element Holiday
650 ## - SUBJECT ADDED ENTRY--TOPICAL TERM
Source of heading or term Winter holidays bin
Topical term or geographic name entry element Seven candles
700 ## - ADDED ENTRY--PERSONAL NAME
Personal name B.A. Shea, Patricia
Dates associated with a name illustrator
942 ## - ADDED ENTRY ELEMENTS (KOHA)
Source of classification or shelving scheme Dewey Decimal Classification
Koha item type Books
Suppress in OPAC No
Holdings
Withdrawn status Lost status Source of classification or shelving scheme Damaged status Not for loan Collection Home library Current library Shelving location Date acquired Total Checkouts Full call number Barcode Date last seen Copy number Price effective from Koha item type
    Dewey Decimal Classification     Fiction Footprints International School Library Network Toul Tom Poung Campus Footprints International School Library Network Toul Tom Poung Campus TTP Secondary Fiction Bookshelves 03/06/2025   MED 394.261 GT4403 .M33 2025-0743 03/06/2025 1 03/06/2025 Books